| 000 | 00627nam a22002057a 4500 | ||
|---|---|---|---|
| 999 |
_c57555 _d57555 |
||
| 005 | 20221114113333.0 | ||
| 008 | 200728s2016 enk||||| |||| 00| 0 eng d | ||
| 020 | _a9780134056388x | ||
| 041 | _aeng | ||
| 080 | _a620.1+531 H-65 | ||
| 100 |
_aHibbeler, Russell C. _99071 |
||
| 245 |
_aEngineering Mechanics: _bStatics, Student _c Russell C. Hibbeler. |
||
| 250 | _afourteen edition | ||
| 264 |
_aHoboken: _bPearson, _c2016. |
||
| 300 |
_a680 p.; _b23 cm. |
||
| 653 | _a საინჟინრო მექანიკა | ||
| 653 | _aსტატიკა | ||
| 653 | _aინჟინერია | ||
| 942 |
_2udc _cBK |
||